| 000 | 00416nam a2200145Ia 4500 | ||
|---|---|---|---|
| 008 | 230917s9999||||xx |||||||||||||| ||und|| | ||
| 040 |
_e47511 _aMAIN |
||
| 041 | _aEnglish | ||
| 082 | _a823.09 C661T | ||
| 100 | _aCohn, Dorrit | ||
| 245 | 0 | _aTrasparent minds: narrative modes for presenting consciousness in fiction | |
| 260 |
_aNew Jersey _bPrinceton University Press _c1978 |
||
| 300 | _ax, 331 p. | ||
| 942 | _cBK | ||
| 999 |
_c197361 _d197361 |
||